Представление документа в формате RUSMARC

ПолеНазваниеЗначение
  Тип записи a
  Библиографический уровень m
001 Контрольный номер LIBNET\0001540072
005 Дата корректировки 20260622115044.4
010 Индекс ISBN __
a ISBN 978-5-389-27479-2
b Уточнения в пер.
9 Тираж 2000 экз.
100 Данные общей обработки __
a Данные общей обработки 20260518d2026 u u0rus 50 ca
101 Язык документа 1_
a Язык текста rus
c Язык оригинала fre
102 Страна публикации __
a Страна публикации RU
105 Кодированные данные (монография) __
a Кодированные данные (монография) a z 001zy
200 Заглавие и сведения об ответственности 1_
a Заглавие История библиотек
e Сведения, относящиеся к заглавию коллекционеры. Тексты. Здания
f Первые сведения об ответственности Фредерик Барбье
g Последующие сведения об ответственности перевод с французского Н. Г. Рашковской
203 Вид содержания и тип средства __
a Вид содержания Текст
b Характеристика содержания визуальный
c Тип средства непосредственный
210 Выходные данные 1_
a Место издания Москва
c Издательство Азбука
c Издательство КоЛибри
d Дата издания 2026
215 Физическое описание __
a Объем 445, [2] с.
c Иллюстрации/тип воспроизводства ил., цв. ил.
d Формат 22 см
320 Библиография __
a Библиография Библиогр. в примеч.: с. 428-446
333 Примечание о целевом назначении __
a Примечание о целевом назначении 16+
606 Тематические рубрики 1_
a Основная рубрика Библиотечное дело
x Основная подрубрика История
610 Ключевые слова 0_
a Ключевые слова библиотеки; история библиотек; история библиотечного дела
686 Индексы других классификаций __
a Классификационный индекс 78.3г
2 Код системы rubbk
700 Автор _1
a Фамилия Барбье
b Имя (инициалы) Ф.
g Полное личное имя Фредерик
702 Вторичная интеллектуальная ответственность _1
a Фамилия Рашковская
b Имя (инициалы) Н. Г.
4 Код отношения 730
801 Источник записи _0
a Страна RU
b Организация Омская ОБДЮ
c Дата составления 20260403
g Правила каталогизации bzbo
801 Источник записи _1
a Страна RU
b Организация Омская ОБДЮ
c Дата составления 20260403
g Правила каталогизации rcr
2 Код формата rusmarc
801 Источник записи _2
a Страна RU
b Организация Ульяновская ОНБ
c Дата составления 20260518
g Правила каталогизации RCR
900 Электронные ресурсы __
a Имя электронного ресурса азбука20250105
900 Электронные ресурсы __
a Имя электронного ресурса азбука20250106
901 Тип документа __
t Тип документа m
909 Создатель записи __
a Создатель записи Егорова Э. А.
b Дата создания записи 20260518
910 Корректоры записи __
a Корректор записи Седова
b Дата внесения изменения в запись 20260619